New pathways in microsimulation / (Record no. 80463)
[ view plain ]
| 000 -LEADER | |
|---|---|
| fixed length control field | 01680nam a2200397 i 4500 |
| 001 - CONTROL NUMBER | |
| control field | ebr10821425 |
| 003 - CONTROL NUMBER IDENTIFIER | |
| control field | CaPaEBR |
| 006 - FIXED-LENGTH DATA ELEMENTS--ADDITIONAL MATERIAL CHARACTERISTICS--GENERAL INFORMATION | |
| fixed length control field | m o d |
| 007 - PHYSICAL DESCRIPTION FIXED FIELD--GENERAL INFORMATION | |
| fixed length control field | cr cn||||||||| |
| 008 - FIXED-LENGTH DATA ELEMENTS--GENERAL INFORMATION | |
| fixed length control field | 130711t20142014enkabd ob 001 0 eng|d |
| 020 ## - INTERNATIONAL STANDARD BOOK NUMBER | |
| Cancelled/invalid ISBN | 9781409469315 (hardback : alk. paper) |
| International Standard Book Number | 9781409469322 (e-book) |
| 040 ## - CATALOGING SOURCE | |
| Original cataloging agency | CaPaEBR |
| Language of cataloging | eng |
| Description conventions | rda |
| -- | pn |
| Transcribing agency | CaPaEBR |
| 050 14 - LIBRARY OF CONGRESS CALL NUMBER | |
| Classification number | H61.25 |
| Item number | .N49 2014eb |
| 082 04 - DEWEY DECIMAL CLASSIFICATION NUMBER | |
| Classification number | 300.1/1 |
| Edition number | 23 |
| 245 00 - TITLE STATEMENT | |
| Title | New pathways in microsimulation / |
| Statement of responsibility, etc | edited by Gijs Dekkers, Marcia Keegan, Cathal O'Donoghue. |
| 264 #1 - PRODUCTION, PUBLICATION, DISTRIBUTION, MANUFACTURE, AND COPYRIGHT NOTICE | |
| Place of production, publication, distribution, manufacture | Farnham, Surrey : |
| Name of producer, publisher, distributor, manufacturer | Ashgate Publishing Limited, |
| Date of production, publication, distribution, manufacture, or copyright notice | [2014] |
| Date of production, publication, distribution, manufacture, or copyright notice | �2014 |
| 300 ## - PHYSICAL DESCRIPTION | |
| Extent | 1 online resource (344 pages) : |
| Other physical details | illustrations, maps |
| 336 ## - CONTENT TYPE | |
| Content type term | text |
| Source | rdacontent |
| 337 ## - MEDIA TYPE | |
| Media type term | computer |
| Source | rdamedia |
| 338 ## - CARRIER TYPE | |
| Carrier type term | online resource |
| Source | rdacarrier |
| 504 ## - BIBLIOGRAPHY, ETC. NOTE | |
| Bibliography, etc | Includes bibliographical references and index. |
| 588 ## - SOURCE OF DESCRIPTION NOTE | |
| Source of description note | Description based on print version record. |
| 590 ## - LOCAL NOTE (RLIN) | |
| Local note | Electronic reproduction. Palo Alto, Calif. : ebrary, 2014. Available via World Wide Web. Access may be limited to ebrary affiliated libraries. |
| 650 #0 - SUBJECT ADDED ENTRY--TOPICAL TERM | |
| Topical term or geographic name as entry element | Social sciences |
| General subdivision | Simulation methods. |
| Topical term or geographic name as entry element | Economics |
| General subdivision | Simulation methods. |
| Topical term or geographic name as entry element | Econometric models. |
| 655 #0 - INDEX TERM--GENRE/FORM | |
| Genre/form data or focus term | Electronic books. |
| 700 1# - ADDED ENTRY--PERSONAL NAME | |
| Personal name | Keegan, Marcia. |
| Personal name | O'Donoghue, Cathal. |
| Personal name | Dekkers, Gijs. |
| 776 08 - ADDITIONAL PHYSICAL FORM ENTRY | |
| Display text | Print version: |
| Title | New pathways in microsimulation. |
| Place, publisher, and date of publication | Farnham, Surrey : Ashgate Publishing Limited, [2014] |
| Physical description | xvi, 327 pages |
| International Standard Book Number | 9781409469315 |
| Record control number | (DLC) 2013025917 |
| 797 2# - LOCAL ADDED ENTRY--CORPORATE NAME (RLIN) | |
| Corporate name or jurisdiction name as entry element | ebrary. |
| 856 40 - ELECTRONIC LOCATION AND ACCESS | |
| Uniform Resource Identifier | <a href="http://site.ebrary.com/lib/rucke/Doc?id=10821425">http://site.ebrary.com/lib/rucke/Doc?id=10821425</a> |
| Public note | An electronic book accessible through the World Wide Web; click to view |
No items available.
